Největší výzvy pro podnikatele
Najväčšie externé výzvy pre podnikateľov podľa výsledkov prieskumu švajčiarskeho časopisu. Rastúci význam Číny a Indie. Globalizácia ako šanca aj riziko. Dôležitosť inovácií. Internacionalizácia koncernov. Fúzie a akvizície podnikov. Zvýšená konkurencia vplyvom čínskych firiem. Nové technológie ako...
Gespeichert in:
| 1. Verfasser: | |
|---|---|
| Format: | Buchkapitel |
| Sprache: | Tschechisch |
| Schlagworte: | |
| Tags: |
Keine Tags, Fügen Sie das erste Tag hinzu!
|
MARC
| LEADER | 00000naa$a2200000$$$4500 | ||
|---|---|---|---|
| 001 | 0056144 | ||
| 005 | 20231128135046.4 | ||
| 041 | 0 | |a cze | |
| 044 | |a CZ | ||
| 245 | 1 | 0 | |a Největší výzvy pro podnikatele |c B. Brenner |
| 520 | |a Najväčšie externé výzvy pre podnikateľov podľa výsledkov prieskumu švajčiarskeho časopisu. Rastúci význam Číny a Indie. Globalizácia ako šanca aj riziko. Dôležitosť inovácií. Internacionalizácia koncernov. Fúzie a akvizície podnikov. Zvýšená konkurencia vplyvom čínskych firiem. Nové technológie ako ďalšia výzva pre podnikateľov. Vysoký dopyt po surovinách a ich ceny. Rýchlosť v podnikaní a v šírení informácií. | ||
| 610 | 2 | 0 | |a podnikanie |
| 610 | 2 | 0 | |a podnikatelia |
| 610 | 2 | 0 | |a inovácia |
| 610 | 2 | 0 | |a technológie nové |
| 610 | 2 | 0 | |a fúzie |
| 610 | 2 | 0 | |a akvizícia |
| 610 | 2 | 0 | |a konkurencia |
| 610 | 2 | 0 | |a koncerny |
| 610 | 2 | 0 | |a suroviny |
| 610 | 2 | 0 | |a ceny |
| 610 | 2 | 0 | |a globalizácia |
| 100 | 1 | |a Brenner, B. | |